The Rover
Novela ficticia que narra la historia de Peyrol, un ex pirata retirado que trata de buscar un lugar para pasar sus últimos años en paz, aunque se ve involucrado pronto en los movimientos de época. Ubicado temporalmente en contexto de la revolución francesa bajo el mandato de Napoleón.
שמור ב:
| מחבר ראשי: | |
|---|---|
| פורמט: | ספר |
| שפה: | Undetermined |
| יצא לאור: |
New York, Estados Unidos
Oxford University Press
1992
|
| נושאים: | |
| גישה מקוונת: | Acceso al texto completo |
| תגים: |
הוספת תג
אין תגיות, היה/י הראשונ/ה לתייג את הרשומה!
|
MARC
| LEADER | 00000nam a2200000Ia 4500 | ||
|---|---|---|---|
| 008 | 170316s9999 xx 000 0 und d | ||
| 040 | |a cru BVZT | ||
| 090 | |a 820 C-12r | ||
| 100 | |a Conrad, Joseph |9 431 | ||
| 245 | 4 | |a The Rover | |
| 260 | |a New York, Estados Unidos | ||
| 260 | |b Oxford University Press | ||
| 260 | |c 1992 | ||
| 300 | |a 308 páginas | ||
| 520 | |a Novela ficticia que narra la historia de Peyrol, un ex pirata retirado que trata de buscar un lugar para pasar sus últimos años en paz, aunque se ve involucrado pronto en los movimientos de época. Ubicado temporalmente en contexto de la revolución francesa bajo el mandato de Napoleón. | ||
| 650 | |a LITERATURA INGLESA |9 12 | ||
| 856 | |u http://www.gutenberg.org/files/59142/59142-h/59142-h.htm |y Acceso al texto completo |z (El archivo digital difiere en año (1923) y editorial (The Ryerson Press) del documento localizado en físico en la biblioteca) | ||
| 999 | |c 6695 |d 6695 | ||
| 942 | |c 15 D |h 820 C-12r |2 z | ||
